Score 0/84 Timer 05:00
0 Plays Today
% Correct
the
93%
The
93%
the
93%
the
93%
the
93%
the
93%
we
87.7%
we
87.7%
we
87.7%
we
87.7%
we
87.7%
we
87.7%
you
85.1%
me
83.4%
me
83.4%
and
80.8%
and
80.8%
be
77.9%
to
75.9%
on
75.3%
on
75.3%
in
74.3%
that
72.5%
that
72.5%
is
72.1%
As
71%
as
71%
As
71%
% Correct
as
71%
got
70.1%
got
70.1%
got
70.1%
each
69.7%
each
69.7%
other
69.5%
other
69.5%
love.
67.2%
our
66.7%
our
66.7%
long
66.1%
long
66.1%
Show
65.5%
your
64.4%
smile
63.6%
world
63.5%
Don't
59.4%
best
57.4%
again.
57.1%
Baby
56.5%
Baby
56.5%
hands.
56.2%
right
56%
all
55.9%
time
55.6%
minute
54.6%
cryin'.
54.6%
% Correct
another
54.6%
waste
54.6%
can
54%
or
53.6%
We're
53.2%
laughter
51%
sharin'
49.4%
begin.
49.4%
end.
48.9%
who
48.7%
luckiest
47%
gotta
46.6%
spinnin'
46.3%
ready
44.9%
shine
44.7%
rain
44.7%
near
42.8%
keep
42.7%
way
42.4%
dreamers
41.9%
dreamin'.
38.5%
take
36.5%
never
35.4%
nowhere
35%
anything
33.6%
comes
33.4%
givin'
32.7%
quit
29.3%
Remove Ads.
Support Sporcle.
Get the best of Sporcle when you Go Orange. This ad-free experience offers more features, more stats, and more fun while also helping to support Sporcle. Thank you for becoming a member.

You're not logged in!

Compare scores with friends on all Sporcle quizzes.
OR
Log In

Show Comments

Extras

Top Quizzes Today


Score Distribution

Your Account Isn't Verified!

In order to create a playlist on Sporcle, you need to verify the email address you used during registration. Go to your Sporcle Settings to finish the process.

Report this User

Report this user for behavior that violates our Community Guidelines.

Details: